[Event "Djerba Go Makkah op-B"]
[Site "Djerba"]
[Date "2020.02.17"]
[Round "3"]
[White "Ayoub, Hosam"]
[Black "Mihoubi, Saad"]
[Result "1-0"]
[WhiteElo "1970"]
[BlackElo "1927"]
[PlyCount "101"]
[EventDate "2020.02.16"]
[EventType "swiss"]
[EventRounds "9"]
[EventCountry "TUN"]
[SourceTitle "EXT 2021"]
[Source "ChessBase"]
[SourceDate "2020.10.23"]
[SourceVersion "1"]
[SourceVersionDate "2020.10.23"]
[SourceQuality "1"]

1. e4 c5 2. Nf3 d6 3. Nc3 Nf6 4. Bc4 e6 5. 0-0 Be7 6. e5 dxe5 7. Nxe5 0-0 8. Qf3 Qc7 9. Re1 a6 10. d3 Bd6 11. Bf4 Ra7 12. Bg3 Bd7 13. Nxd7 Nbxd7 14. a4 Ne5 15. Bxe5 Bxe5 16. g3 Raa8 17. Nd1 Rad8 18. c3 Nd7 19. Qe4 Bf6 20. f4 e5 21. f5 Nb6 22. Bb3 Nc8 23. Bd5 Nd6 24. Qf3 Rfe8 25. Nf2 b5 26. axb5 axb5 27. Ra6 c4 28. Rc6 Qd7 29. dxc4 bxc4 30. Be4 Qa7 31. Kg2 Be7 32. Bd5 Bf8 33. Ng4 e4 34. Qf4 Qa2 35. Re2 Qb1 36. Bxc4 Qd1 37. Qf1 Qa4 38. Bd5 h5 39. Ne3 Re5 40. c4 Qa7 41. Qf4 Qe7 42. b4 Kh7 43. h4 g6 44. f6 Qe8 45. Rc7 Bh6 46. Qf2 Bxe3 47. Qxe3 Rf5 48. Rf2 Rxf2+ 49. Kxf2 Qe5 50. Bxf7 Qxf6+ 51. Qf4 1-0

[Event "Tripoli Naami op"]
[Site "Tripoli"]
[Date "2017.04.04"]
[Round "8"]
[White "Chahrani, Ibrahim"]
[Black "Ayoub, Hosam"]
[Result "1-0"]
[WhiteElo "2209"]
[BlackElo "2017"]
[PlyCount "49"]
[EventDate "2017.03.30"]
[EventType "swiss"]
[EventRounds "9"]
[EventCountry "LBY"]
[SourceTitle "CBM 177 Extra"]
[Source "ChessBase"]
[SourceDate "2017.04.27"]
[SourceVersion "1"]
[SourceVersionDate "2017.04.27"]
[SourceQuality "1"]

1. e4 e6 2. f4 d5 3. e5 c5 4. c3 c4 5. d3 cxd3 6. Be3 Nc6 7. Bxd3 f5 8. Nf3 Be7 9. 0-0 Nh6 10. h3 0-0 11. Nbd2 Bd7 12. Nb3 Rc8 13. Qe2 a6 14. Qf2 Rb8 15. Bb6 Qc8 16. Rac1 Kh8 17. Kh2 Rg8 18. Bc5 Qe8 19. Bxe7 Nxe7 20. Nbd4 b5 21. Ng5 Ng6 22. Qg3 Qe7 23. Be2 Rgd8 24. Bh5 Nf8 25. Qh4 1-0